Top 25 most streamed songs oat on Spotify(Nov.2025) - Statistiken

Allgemein
  • Dieses Quiz wurde 66 mal gespielt
  • Das Durchschnittsergebnis liegt bei 11 aus 25
Antwortstatistiken
Hint Antwort % Korrekt
The Weeknd 5,12 Billion Blinding Lights
90%
Ed Sheeran 4,63 Billion Shape of You
90%
Tones And I 3,34 Billion Dance Monkey
64%
Harry Styles 4,10 Billion As It Was
63%
Imagine Dragons 3,63 Billion Believer
63%
Ed Sheeran 3,69 Billion Perfect
58%
The Kid Laroi,Justin Bieber 3,71 Billion Stay
56%
Tom Odell 3,29 Billion Another Love
53%
Bille Eilish,Khalid 3,52 Billion lovely
47%
Post Malone,21 Savage 3,27 Billion rockstar
44%
Lewis Capaldi 4,11 Billion Someone You Loved
44%
Post Malone,Swae Lee 4,01 Billion Sunflower
44%
Glass Animals 3,57 Billion Heat Waves
42%
The Neighbourhood 4,14 Billion Sweater Weather
42%
OneRepublic 3,20 Billion Counting Stars
41%
Vance Joy 3,35 Billion Riptide
41%
The Weeknd 4,18 Billion Starboy
41%
Hozier 3,24 Billion Take Me To Church
41%
The Chainsmokers,Halsey 3,47 Billion Closer
36%
Drake,Wizkid,Kyla 3,86 Billion One Dance
36%
Coldplay 3,39 Billion Yellow
32%
Arctic Monkeys 3,40 Billion I Wanna Be Yours
20%
Lord Huron 3,39 Billion The Night We Met
17%
The Chainsmokers,Coldplay 3,39 Billion Something Just Like This
14%
James Arthur 3,44 Billion Say You Won‘t Let Go
10%
Keine übereinstimmenden Quizze gefunden
Verteilung der Resultate
Anzahl Personen mit jedem Resultat
Perzentil nach korrekt beantworteten Fragen
Ihre Resultats-Entwicklung
Sie haben dieses Quiz noch nicht gespielt